[Event "AUTO-ADV-4900"]
[Site "http://www.queenalice.com/game.php?id=1864734"]
[Date "2025.10.25"]
[Round "1"]
[White "Anusha"]
[Black "Daniel1962"]
[Result "1-0"]
[WhiteElo "1897"]
[BlackElo "1781"]

1. c4 e5 2. Nc3 Bc5 3. g3 Qf6 4. Nf3 Nc6 5. Bg2 d6 6. O-O Nd4 7. d3 Bg4 8. Nxd4
Bxd4 9. Bd2 Nh6 10. Nd5 Qd8 11. Rb1 Nf5 12. Qe1 c6 13. Nc3 Qf6 14. Ne4 Qe6 15.
b4 d5 16. cxd5 cxd5 17. Nc5 Bxc5 18. bxc5 e4 19. dxe4 dxe4 20. Rb4 Qxa2 21.
Rxe4+ Ne7 22. Rxg4 O-O-O 23. Bc3 Nf5 24. Rb4 Rd7 25. Qb1 Qxb1 26. Rfxb1 Ne7 27.
Bxb7+ Kd8 28. Ba6 Nd5 29. Rb8+ Ke7 30. Rxh8 Nxc3 31. Rb2 h6 32. c6 Rc7 33. Bb7
a5 34. Rc2 Ne4 35. Ra8 Nd6 36. Rb2 f5 37. Rb8 g5 38. Ra2 Nc4 39. Ra4 Nd6 40.
Rxa5 f4 41. Ra1 fxg3 42. hxg3 Ke6 43. Rb1 Kd5 44. Rf8 g4 45. Rd8 h5 46. Rd1+ Ke6
47. R8xd6+ Kf5 48. Rd7 1-0